[Event "Leipzig VfB op 15th"]
[Site "Leipzig"]
[Date "2008.02.28"]
[Round "4"]
[White "Fischbach, Rainer"]
[Black "Barshevich, Viktor"]
[Result "0-1"]
[WhiteElo "1885"]
[BlackElo "1680"]
[PlyCount "70"]
[EventDate "2008.02.26"]
[EventType "swiss"]
[EventRounds "9"]
[EventCountry "GER"]
[SourceTitle "CBM 123 Extra"]
[Source "ChessBase"]
[SourceDate "2008.05.06"]
[SourceVersion "1"]
[SourceVersionDate "2008.05.06"]
[SourceQuality "1"]

1. b4 d5 2. Bb2 Bf5 3. e3 Nd7 4. Nf3 Ngf6 5. Be2 e6 6. b5 c5 7. 0-0 Bd6 8. Nh4 Bg6 9. Nxg6 hxg6 10. h3 Rc8 11. c4 Bb8 12. cxd5 exd5 13. d3 Qe7 14. Nd2 Ne5 15. Re1 Qd6 16. Nf1 0-0 17. a4 Rfe8 18. d4 cxd4 19. Bxd4 Nc4 20. Bxc4 Rxc4 21. Rc1 Rec8 22. Rxc4 Rxc4 23. Qa1 Kf8 24. Rc1 Ke7 25. Rxc4 dxc4 26. Qc3 Qc7 27. Qb4+ Ke6 28. Qf8 Kd5 29. Ng3 Ne4 30. Nxe4 Kxe4 31. g3 Kd3 32. Qa3+ c3 33. Kf1 Kd2 34. Qa1 Qc4+ 35. Kg1 c2 0-1